Catalog

Record Details

Catalog Search



St. Patrick's Day : Festivals Cover Image Book Book

St. Patrick's Day : Festivals/ by Rebecca Pettiford.

Summary:

"In St. Patrick's Day, early readers will learn about this American festival and the ways people celebrate it. Explains how St. Patrick's Day is celebrated, including wearing green, waving the Irish flag, and eating and drinking green food. Vibrant, full-color photos and carefully leveled text will engage emergent readers as they explore this unique celebration"--Provided by the publisher

Record details

  • ISBN: 9781620315354
  • ISBN: 1620315351
  • ISBN: 9781620315897
  • ISBN: 1620315890
  • Physical Description: 24 pages : color illustrations ; 21 cm
  • Publisher: Minneapolis, Minnesota : Bullfrog Books, [2017]

Content descriptions

General Note:
Includes index.
Formatted Contents Note:
Green day -- Symbols of St. Patrick's Day.
Subject: Saint Patrick's Day > Juvenile literature.
Food
Green
Irish flag
Genre: Events
Holiday
Readers (Elementary.)
Literature.

Available copies

  • 1 of 1 copy available at scottsboropl.

Holds

  • 0 current holds with 1 total copy.
Show Only Available Copies
Location Call Number / Copy Notes Barcode Shelving Location Status Due Date
scottsboropl E 394.26 Pet 32269001186777 Juvenile - Easy NonFiction Available -

LDR 02466cam a2200601 i 4500
001157812
003SBPL
00520220322114617.0
008160624s2017 mnua j 001 0 eng
010 . ‡a 2016029352
020 . ‡a9781620315354 ‡q(hard cover ; ‡qalk. paper)
020 . ‡a1620315351
020 . ‡a9781620315897 ‡q(paperback)
020 . ‡a1620315890
035 . ‡a(OCoLC)952567197 ‡z(OCoLC)958412243 ‡z(OCoLC)982090354
05000. ‡aGT4995.P3 ‡bP47 2017
08200. ‡a394.262 ‡223
1001 . ‡aPettiford, Rebecca,: ‡eauthor.
24510. ‡aSt. Patrick's Day : ‡bFestivals/ ‡cby Rebecca Pettiford.
2463 . ‡aSaint Patrick's Day
264 1. ‡aMinneapolis, Minnesota : ‡bBullfrog Books, ‡c[2017]
300 . ‡a24 pages : ‡bcolor illustrations ; ‡c21 cm
336 . ‡atext ‡btxt ‡2rdacontent
337 . ‡aunmediated ‡bn ‡2rdamedia
338 . ‡avolume ‡bnc ‡2rdacarrier
4901 . ‡aFestivals
500 . ‡aIncludes index.
5050 . ‡aGreen day -- Symbols of St. Patrick's Day.
520 . ‡a"In St. Patrick's Day, early readers will learn about this American festival and the ways people celebrate it. Explains how St. Patrick's Day is celebrated, including wearing green, waving the Irish flag, and eating and drinking green food. Vibrant, full-color photos and carefully leveled text will engage emergent readers as they explore this unique celebration"--Provided by the publisher
610 0. ‡aSaint Patrick's Day ‡vJuvenile literature.
650 0. ‡aFood
650 0. ‡aGreen
650 0. ‡aIrish flag
655 0. ‡a Events
655 0. ‡a Holiday
655 7. ‡aReaders (Elementary.) ‡2lcgft
655 7. ‡aLiterature. ‡2lcgft
8001 . ‡aPettiford, Rebecca. ‡tFestivals.
901 . ‡a157812 ‡b ‡c157812 ‡tbiblio

Additional Resources